000 00328 a2200169 4500
001 187296
020 _a85-08-06800-X
040 _cMagnum
100 _aJouve, Franck
240 1 0 _aA floresta
_lpor
245 1 0 _aA floresta
300 _a48
362 0 _a2003
440 1 _aÁtica
697 _aMISCELÂNEA
942 _cBK
999 _c187296
_d187296